ՀՀ Գիտությունների ազգային ակադեմիայի հիմնարար գիտական գրադարան  =   Fundamental Scientific Library of NAS RA

Молодой орел : (Record no. 223596)

MARC details
000 -LEADER
fixed length control field 00717nam a2200193 u 4500
001 - CONTROL NUMBER
control field 000636123
003 - CONTROL NUMBER IDENTIFIER
control field AM-YeHGA
005 - DATE AND TIME OF LATEST TRANSACTION
control field 20250617140631.0
008 - FIXED-LENGTH DATA ELEMENTS--GENERAL INFORMATION
fixed length control field 090225s1962 ||| r 000 0 rus d
040 ## - CATALOGING SOURCE
Original cataloging agency AM-YeHGA
041 0# - LANGUAGE CODE
Language code of text/sound track or separate title rus
090 ## - LOCALLY ASSIGNED LC-TYPE CALL NUMBER (OCLC); LOCAL CALL NUMBER (RLIN)
-- 225131
100 1# - MAIN ENTRY--PERSONAL NAME
Personal name Никифоров, Геннадий Петрович
245 10 - TITLE STATEMENT
Title Молодой орел :
Remainder of title Очерк о жизни Н.Е. Федосеева во Владимире /
Statement of responsibility, etc. Г. Никифоров.
260 ## - PUBLICATION, DISTRIBUTION, ETC.
Place of publication, distribution, etc. Владимир :
Name of publisher, distributor, etc. Владимир. кн. изд-во,
Date of publication, distribution, etc. 1962.
300 ## - PHYSICAL DESCRIPTION
Extent 175 с. :
Other physical details портр.
600 14 - SUBJECT ADDED ENTRY--PERSONAL NAME
Personal name Федосеев, Николай Евграфович
653 0# - INDEX TERM--UNCONTROLLED
Uncontrolled term КПСС - История - Биографии
Holdings
Withdrawn status Lost status Source of classification or shelving scheme Damaged status Not for loan Collection Home library Current library Date acquired Total checkouts Full call number Barcode Date last seen Price effective from Koha item type Public note
    Universal Decimal Classification     General Fundamental Scientific Library Fundamental Scientific Library 29/12/2016   PI/6723 FL0099238 29/12/2016 29/12/2016 Գրքեր / Books 30 Days Loan


ՀՀ ԳԱԱ հիմնարար գիտական գրադարան
ՀՀ,Երևան 0019
Մարշալ Բաղրամյան 24/6
հեռախոս:(374-10) 52-47-50
Հետադարձ կապ

All site content, except where otherwise noted, is licensed under a
Creative Commons License